|
|
|
|
| LEADER |
01387nam a2200289 a 4500 |
| 001 |
14507858 |
| 008 |
100426s1999 bg b 000 0 eng d |
| 010 |
|
|
|a \\2006414468
|
| 020 |
|
|
|a 9845511791
|
| 040 |
|
|
|a DLC
|c DLC
|d DLC
|d BD-DhAAL
|
| 082 |
0 |
0 |
|a 362.1/095492
|2 21
|
| 245 |
0 |
0 |
|a Interventions to promote local-level planning and coordination of essential health and family planning services :
|b a review /
|c Mohammed Jasim Uddin ... [et al.].
|
| 260 |
|
|
|a Dhaka :
|b ICDDR,B: Centre for Health and Population Research,
|c 1999.
|
| 300 |
|
|
|a vii, 36 p. ;
|c 26 cm.
|
| 490 |
0 |
|
|a ICDDR,B special publication ;
|v no. 92
|
| 500 |
|
|
|a "Operations Research Project, Health and Population Extension Division"--Cover.
|
| 504 |
|
|
|a Includes bibliographical references (p. 24-27).
|
| 541 |
1 |
|
|e 00007305
|
| 650 |
|
0 |
|a Medical care
|z Bangladesh.
|
| 650 |
|
0 |
|a Family planning
|z Bangladesh.
|
| 650 |
|
0 |
|a Community health services
|z Bangladesh.
|
| 700 |
1 |
|
|a Jashim Uddin, Mohammed.
|
| 710 |
2 |
|
|a Family Health Research Project (International Centre for Diarrhoeal Disease Research, Bangladesh)
|
| 710 |
2 |
|
|a International Centre for Diarrhoeal Disease Research, Bangladesh.
|
| 852 |
4 |
|
|a Ayesha Abed Library
|j General Shelf
|
| 999 |
|
|
|c 8249
|d 8249
|
| 952 |
|
|
|0 0
|1 0
|2 ddc
|4 0
|6 362_109549200000000_INT_1999
|7 0
|9 9457
|a BRACUL
|b BRACUL
|c GEN
|d 2010-04-26
|l 0
|o 362.1095492 INT
|p 3010007305
|r 2010-04-26
|t 1
|w 2010-04-26
|y BK
|